[Event "DSOL 02 Liga Gr-A 1st"]
[Site "Playchess.com INT"]
[Date "2020.06.26"]
[Round "1.3"]
[White "Oeztuerk, Yasin Safa"]
[Black "Bigalke, Andre"]
[Result "1-0"]
[WhiteElo "1992"]
[BlackElo "1964"]
[PlyCount "105"]
[EventDate "2020.06.22"]
[EventType "team-tourn (rapid)"]
[EventCountry "GER"]
[SourceTitle "EXT 2021"]
[Source "ChessBase"]
[SourceDate "2020.10.23"]
[SourceVersion "1"]
[SourceVersionDate "2020.10.23"]
[SourceQuality "1"]
[WhiteTeam "Ketsch"]
[BlackTeam "Barmbek"]
[WhiteTeamCountry "GER"]
[BlackTeamCountry "GER"]

1. d4 Nf6 2. c4 e5 3. dxe5 Ne4 4. a3 d6 5. exd6 Bxd6 6. Nf3 Nxf2 7. Qd4 Nxh1 8. Qxg7 Rf8 9. Ng5 Bxh2 10. Nd2 Nc6 11. Nde4 Be5 12. Qh6 Bf5 13. Be3 Ng3 14. Rd1 Nd4 15. Bxd4 Nxe4 16. Nxe4 Bxe4 17. Bxe5 Qe7 18. Bf6 Qe6 19. Qd2 Bd5 20. Qxd5 Qxd5 21. Rxd5 Rg8 22. e4 c6 23. Re5+ Kf8 24. Re7 Re8 25. Rxe8+ Kxe8 26. Kf2 Kd7 27. g3 Rg6 28. Bh3+ Ke8 29. e5 a5 30. Kg2 h6 31. Bf5 Rg8 32. Bh7 Rg4 33. Bf5 Rxc4 34. Kf3 b5 35. Ke3 b4 36. axb4 Rxb4 37. e6 fxe6 38. Bxe6 c5 39. Bc3 Rb6 40. Bf5 Ke7 41. Bc2 Ke6 42. Ke4 Rb8 43. Ba4 Rb6 44. b3 Rb8 45. Bxa5 Ra8 46. Bc3 c4 47. Bc6 Ra2 48. Bd5+ Ke7 49. bxc4 Rc2 50. Bb4+ Kf6 51. Bd6 Re2+ 52. Kd4 Rd2+ 53. Kc5 1-0